1032 1465 1973 1918 1701 1161 1614 1719 1058 1454 1642 1762 1195 1232 1798 1133 1571 1432 1543 1293 1910 1115 1733 1079 1504 1064 1343 1945 1026 1971 1616 1654 1703 1730 1437 1489 1478 1870 1439 1002 1482 1090 1894 1363 1212 1744 1438 1015 1484 1386 1769 1267 1481 1457 1084 1864 1526 1392 1989 1339 1089 1030 1480 1668 1792 1886 1930 1807 1289 1330 1724 1941 1147 1670 1088 1338 1091 1705 1414 1537 1427 1766 1576 1768 1838 1239 1292 1812 1513 1577 1491 1779 1283 1155 1857 1903 1115 1641 1241 BCNSPRNW ULIB Ver.6.0+V

เปลี่ยนเป็นภาษาไทย

Change to English
 แสดงรายละเอียดบรรณานุกรม
  กลับหน้าหลัก

Brief Record : Get Marc (ISO 2709) : E-mail record : QR code < ปิดหน้าต่าง
LEADER : 00000nam 2200000uu 4500
001    13399111779
003     ULIB
008    110627s2547||||th 000 0 tha d
060  4 WY16^bส897ป 2547
100 0  เสาวพฤกษ์ ชื่นเจริญ
245 00 ปัจจัยที่มีอิทธิพลต่อความสนใจเลือกเรียนวิชาการพยาบาลของนักเรียนมัธยมศึกษาปีที่ 6 โรงเรียนมัธยมในเขตอำเภอเมือง จังหวัดสงขลา/^cเสาวพฤกษ์ ชื่นเจริญ
260    สงขลา :^bวิทยาลัยพยาบาลบรมราชชนนี สงขลา,^c2547
300    67 หน้า
650  7 พยาบาล^xวิจัย
650  7 ความสนใจเลือกเรียนเรียนวิชาชีพ^xวิจัย
650  7 วิชาชีพการพยาบาล^xวิจัย
945    ^p0^l0^i018359
995    ทศพร
999 ^a ใช้งานได้ทุกระบบ
รายการนี้ยังไม่มีแท็ก
คุณยังไม่ได้ล็อกอิน คุณสามารถมีกิจกรรมร่วมกับเว็บไซต์ได้ แต่ต้องล็อกอินก่อน ::
  ล็อกอิน

รายการสื่อสารสนเทศ

ลำดับที่ ประเภท เลขเรียก/บาร์โค้ด สถานที่ สถานะ
- ไม่พบข้อมูล -

รายการใกล้เคียง
    ผู้แต่ง [เสาวพฤกษ์ ชื่นเจริญ]

BibComment


ยังไม่เคยถูกคอมเมนท์

คอมเมนท์ทรัพยากรรายการนี้
  คอมเมนท์: ปัจจัยที่มีอิทธิพ..


 Copyright 2026. Bcnsprnw @Library